000 01081nam a22002297a 4500
005 20180803165510.0
008 131113b2011 ck ||||| |||| 00| 0 spa d
040 _cCO-BoIH
_aCO-BoIAVH
041 _aspa
044 _ack
090 _aIAVH
_b01484
245 _aEcologia y manejo adaptativo de los ecosistemas acuátivos de origen antrópico en las sabanas inundables de Orocué (Casanare)
260 _aBogotá
_bColciencias
_bPontificia Universidad Javeriana - Facultad de Estudios Ambientales y Rurales
_bInstituto de Investigación de Recursos Biológicos Alexander von Humboldt
_c2011
300 _a125 p.
_bil., tablas
_c28 cm.
500 _aInforme técnico Final. Convocatoria 452/2008 Programa nacional de Ciencias del Medio Ambiente y del Habitat. Colciencias - Pontificia Universidad Javeriana
650 _aEcología
_992250
650 _aEcosistemas acuáticos
_zOrocué (Casanare)
_932442
700 _aAriza-Ramirez, Alma Isabel
_92511
700 _aBaez-Sandoval, Diana Patricia
_92512
700 _92510
_aBaptiste-Ballera, Brigitte L. G.
942 _2z
_cINFORME
_03
999 _c7789
_d7789